A ilha perdida (Record no. 106671)
[ view plain ]
| 000 -LÍDER | |
|---|---|
| campo de controle de tamanho fixo | 00643 a2200253 4500 |
| 001 - NÚMERO DE CONTROLE | |
| campo de controle | 106671 |
| 003 - IDENTIFICADOR DO NÚMERO DE CONTROLE | |
| campo de controle | OSt |
| 005 - DATA E HORÁRIO DA ÚLTIMA TRANSAÇÃO | |
| campo de controle | 20240405164058.0 |
| 008 - CAMPO DE DADOS FIXOS--INFORMAÇÃO GERAL | |
| campo de controle de tamanho fixo | 240405b |||||||| |||| 00| 0 POR d |
| 020 ## - ISBN - INTERNATIONAL STANDARD BOOK NUMBER | |
| ISBN - International Standard Book Number | 9788508144105 |
| 040 ## - FONTE DA CATALOGAÇÃO | |
| Instituição da catalogação original | BR-BrIDEA |
| Instituição que transcreveu o registro | BR-BrIDEA |
| 041 ## - CÓDIGO DE IDIOMA | |
| Código do idioma do texto/trilha sonora ou título diferente | por |
| 082 ## - CDD - CLASSIFICAÇÃO DECIMAL DE DEWEY | |
| Número de Classificação | 028.5 |
| 090 ## - NÚMERO DE CHAMADA LOCAL | |
| Número de chamada (OCLC) (R); Número de chamada, CALL (RLIN) (NR) | P Year 7 028 |
| Número Cutter local (OCLC); Número de classificação do livro, CALL (RLIN) | DUP |
| 100 ## - ENTRADA PRINCIPAL--NOME PESSOAL | |
| Nome pessoal | Dupré, Maria José |
| Datas associadas ao nome | 1905-1984 |
| 245 10 - TÍTULO | |
| Título | A ilha perdida |
| Indicação de responsabilidade, etc. | Maria Jos Dupré |
| 250 ## - EDIÇÃO | |
| Edição | 40.ed. |
| 260 ## - PUBLICAÇÃO, DISTRIBUIÇÃO, ETC. | |
| Local de publicação, distribuição, etc. | São Paulo |
| Nome do editor, distribuidor, etc. | Ática |
| Data da publicação, distribuição, etc. | 2011 |
| 490 ## - TÍTULO DA SÉRIE | |
| Título da série | Vaga-Lume |
| 697 ## - ENTRADA DE ASSUNTO LOCAL--ENTIDADE COLETIVA (RLIN) | |
| Nome corporativo ou nome da jurisdição | Ficção infanto-juvenil brasileira. |
| 830 ## - ENTRADA SECUNDÁRIA DE SÉRIE--TÍTULO UNIFORME | |
| Título uniforme | Vaga-Lume |
| 856 ## - LOCALIZAÇÃO ELETRÔNICA E ACESSO | |
| Uniform Resource Identifier | <a href="00000f/00000fb5.jpg">00000f/00000fb5.jpg</a> |
| 942 ## - ELEMENTOS DE ENTRADA ADICIONADOS (KOHA) | |
| Tipo de material Koha | Livros |
| Fonte da classificação ou esquema de arquivamento na estante | |
| Situação do descarte | Situação das perdas | Fonte da classificação ou esquema de arquivamento na estante | Situação física | Não pode ser emprestado | Biblioteca de origem | Biblioteca atual | Data de aquisição | Total de empréstimos | Número de chamada completo | Código de barras | Data de último acesso | Data do preço efetivo | Tipo de material Koha | Data do último empréstimo |
|---|---|---|---|---|---|---|---|---|---|---|---|---|---|---|
| Classificação Decimal de Dewey | ECB - SUDOESTE | ECB - SUDOESTE | 16/03/2015 | 1 | P Year 7 028 | 00014403SSW | 30/04/2024 | 23/01/2024 | Livros | 01/02/2024 | ||||
| Classificação Decimal de Dewey | ECB - SUDOESTE | ECB - SUDOESTE | 06/08/2014 | 1 | P Year 7 028 | 00009551SSW | 29/04/2024 | 23/01/2024 | Livros | 01/02/2024 | ||||
| Classificação Decimal de Dewey | ECB - SUDOESTE | ECB - SUDOESTE | 24/04/2018 | Year 5 028 | 00036458SSW | 23/01/2024 | 23/01/2024 | Livros | ||||||
| Classificação Decimal de Dewey | ECB - SUDOESTE | ECB - SUDOESTE | 13/06/2018 | 1 | P Year 7 028 | 00037748SSW | 30/04/2024 | 23/01/2024 | Livros | 01/02/2024 | ||||
| Classificação Decimal de Dewey | ECB - ÁGUAS CLARAS | ECB - ÁGUAS CLARAS | 06/08/2014 | P Year 7 028 | 00009552AGC | 23/01/2024 | 23/01/2024 | Livros | ||||||
| Classificação Decimal de Dewey | ECB - ÁGUAS CLARAS | ECB - ÁGUAS CLARAS | 08/06/2021 | 1 | AP Year 5 028 DUP | 00054286AGC | 12/04/2024 | 23/01/2024 | Livros | 05/04/2024 | ||||
| Classificação Decimal de Dewey | ECB - ÁGUAS CLARAS | ECB - ÁGUAS CLARAS | 06/10/2022 | AP Year 6 028 DUP | 00059243AGC | 23/01/2024 | 23/01/2024 | Livros |